000 00560nam a2200181Ia 4500
999 _c13742
_d13742
003 OSt
005 20201022120221.0
008 190216s9999||||xx |||||||||||||| ||und||
020 _a9780140139198
040 _coclc
082 _a915.150458
_bSET/F
100 _aSeth, Vikram
_95577
245 0 _aFrom Heaven Lake Travels Through Sinkiang And Tibet /
_cVikram Seth
260 _bPenguin Books,
_c1983.
_aNew Delhi:
300 _a178p
650 _aEnglish Novel-English Novel
942 _cBK
_2ddc
_h915.150458
_iSET/F
_k915.150458
_mSET/F